<?xml version="1.0" encoding="UTF-8"?>
<marc:record xmlns:marc="http://www.loc.gov/MARC21/slim">
   <marc:leader>00000nam a2200000 a 4500</marc:leader>
   <marc:datafield ind1="1" ind2=" " tag="100">
      <marc:subfield code="a">Lahner, Irmgard</marc:subfield>
      <marc:subfield code="4">aut</marc:subfield>
      <marc:subfield code="e">Verfasser/-in</marc:subfield>
   </marc:datafield>
   <marc:datafield ind1=" " ind2=" " tag="653">
      <marc:subfield code="a">IBZ</marc:subfield>
   </marc:datafield>
   <marc:datafield ind1=" " ind2=" " tag="653">
      <marc:subfield code="a">Salzburg</marc:subfield>
   </marc:datafield>
   <marc:datafield ind1=" " ind2=" " tag="653">
      <marc:subfield code="a">Jungk</marc:subfield>
   </marc:datafield>
   <marc:datafield ind1=" " ind2=" " tag="653">
      <marc:subfield code="a">Robert</marc:subfield>
   </marc:datafield>
   <marc:datafield ind1=" " ind2=" " tag="653">
      <marc:subfield code="a">Robert-Jungk-Stiftung</marc:subfield>
   </marc:datafield>
   <marc:datafield ind1=" " ind2=" " tag="653">
      <marc:subfield code="a">Zukunftsbibliothek</marc:subfield>
   </marc:datafield>
   <marc:datafield ind1="0" ind2="0" tag="245">
      <marc:subfield code="a">Die Internationale Bibliothek für Zukunftsfragen in Salzburg</marc:subfield>
   </marc:datafield>
   <marc:datafield ind1=" " ind2="1" tag="264">
      <marc:subfield code="a">Salzburg</marc:subfield>
      <marc:subfield code="b">Bibliothekar. Hausarb.</marc:subfield>
      <marc:subfield code="c">1994</marc:subfield>
   </marc:datafield>
   <marc:datafield ind1="1" ind2=" " tag="520">
      <marc:subfield code="a">Im Rahmen der Grundausbildung für den Bibliotheks-, Dokumentations- und Informationsdienst absolvierte die Autorin ein vierzehntägiges Praktikum in der Zukunftsbibliothek. Die dabei gemachten Erfahrungen und gewonnenen Erkenntnisse fanden in der vorliegenden Hausarbeit über die Bibliothek Eingang. Dabei entstand ein kompakter Überblick über die vielfältigen Agenden sowohl in bibliothekarischer als auch außerbibliothekarischer (Projekte, Veranstaltungen, Öffentlichkeitsarbeit) Hinsicht. Der Schwerpunkt der Hausarbeit liegt naturgemäß auf der Beschreibung der bibliothekarischen Arbeit (der Bestand an Monographien, Grauer Literatur, Zeitschriften und des Literatur-Recherchedienstes). Es werden aber auch organisatorische Aspekte und v.a. die von Bibliothek herausgegebene Rezensionszeitschrift "Pro Zukunft" entsprechend gewürdigt.</marc:subfield>
   </marc:datafield>
   <marc:datafield ind1="0" ind2=" " tag="490">
      <marc:subfield code="v">0</marc:subfield>
   </marc:datafield>
   <marc:datafield ind1=" " ind2=" " tag="300">
      <marc:subfield code="a">61 Bl.</marc:subfield>
   </marc:datafield>
</marc:record>
